000 00623nam a22002177a 4500
003 UA-OsUOA
001 46620
007 ta
008 20070704b un ||||| |||| 00| 0 ukr d
100 _aЕзова С.
090 _a659
_bЕ-21
942 _cSA
040 _aUA-OsUOA
_brus
_cUA-OsUOA
_dUA-OsUOA
245 _aОбщене, коммуникация...
300 _aС.40-41
955 _a0
041 _arus
080 _a659
773 0 _w46618
650 7 _a659 Реклама. Система інформації. Громадська інформація та реклама (Паблик-Рилейшнз)
_2UDC
999 _c332711
_d332711